000
00337nam a2200133Ia 4500
008
240624s9999 xx 000 0 und d
041
_a
eng
082
_a
330 BOW
100
_a
BOWLES SAMUEL
245
_a
MORAL ECONOMY WHY GOOD INCENTIVES ARE NO
260
_c
2016
_a
London
_b
Yale University Press
300
_a
288 : p.
365
_c
_b
30
999
_c
28616
_d
28616